География почв с основами почвоведения: учебник для вузов

Detalles Bibliográficos
Autor Principal: Добровольский В. В. Всеволод Всеволодович
Idioma:ruso
Publicado: Москва, Владос, 1999
Series:Учебник для вузов
Subjects:
Formato: Libro
KOHA link:https://koha.lib.tpu.ru/cgi-bin/koha/opac-detail.pl?biblionumber=9953

MARC

LEADER 00000nam0a2200000 4500
001 9953
005 20231030182722.0
010 |a 569100204X 
035 |a (RuTPU)RU\TPU\book\10009 
035 |a BOOK00010072 
090 |a 9953 
100 |a 20011209d1999 m y0rusy50 ca 
101 0 |a rus 
102 |a RU 
105 |a a j 000zy 
200 1 |a География почв с основами почвоведения  |e учебник для вузов  |f В. В. Добровольский 
210 |a Москва  |c Владос  |d 1999 
215 |a 384 с.  |c ил. 
225 1 |a Учебник для вузов 
610 1 |a почва 
610 1 |a почвоведение 
610 1 |a география 
610 1 |a охрана 
610 1 |a учебные пособия 
675 |a 631.4(075.8)  |v 3 
700 1 |a Добровольский  |b В. В.  |g Всеволод Всеволодович 
801 0 |a RU  |b 63413507  |c 20011209  |g PSBO 
801 2 |a RU  |b 63413507  |c 20201021  |g PSBO 
900 |a Почвоведение и экология почв 
942 |c BK